000 00431nam a2200157 i 4500
001 104574
003 ES-MaACL
005 20230906183635.0
007 t|
008 051201s1920 sp ||||1| spa d
100 1 _aMinguijón, Salvador.
_981356
245 1 0 _aPropiedad y trabajo /
_cSalvador Minguijón Adrian.
260 _aZaragoza :
_bSalvador Hermanos,
_c1920.
300 _a160 p. ;
_c19 cm.
852 _aES-MaACL
_jF-10059
999 _c104574
_d104574